[Event "Groningen op"]
[Site "Groningen"]
[Date "1990.??.??"]
[Round "6"]
[White "Finegold, Benjamin"]
[Black "Van der Werf, Mark"]
[Result "1-0"]
[WhiteElo "2490"]
[BlackElo "2365"]
[Annotator "Ftacnik,L"]
[PlyCount "81"]
[EventDate "1990.??.??"]
[EventType "swiss"]
[EventRounds "9"]
[EventCountry "NED"]
[SourceTitle "CBM 022"]
[Source "ChessBase"]
[SourceDate "1991.06.01"]
[SourceVersion "1"]
[SourceVersionDate "1991.06.01"]
[SourceQuality "1"]

1. d4 d5 2. c4 dxc4 3. Nc3 c5 4. d5 Nf6 5. e4 e6 6. Nf3 exd5 7. e5 Nfd7 8. Bg5
f6 9. exf6 gxf6 10. Qxd5 Qe7+ 11. Be3 Nb6 12. Qh5+ Qf7 13. Qh4 Be6 14. O-O-O
Nc6 15. Ne4 $5 {N} (15. Be2 Be7 16. g4 Nd5 17. Nxd5 Bxd5 18. Rxd5 Qxd5 19. Rd1
Qe4 20. Qh5+ Qg6 21. Qd5 $10 {Van der Sterren,P-Ye Rongguang/Luzern tt/1989/
->CBM 16}) 15... Nd7 (15... Be7 16. Nd6+ Bxd6 17. Rxd6 Nd7 18. Rxe6+ $1 Qxe6
19. Bxc4 Qf5 20. Rd1 $40) 16. Be2 O-O-O 17. Rd2 Nb4 (17... Be7 18. Nd6+ Bxd6
19. Rxd6 $40) 18. Nc3 Nd5 19. Nxd5 Bxd5 20. Rhd1 Be6 (20... Nb6 21. Bf4 $40)
21. Rc2 Be7 (21... Nb6 22. Rxd8+ Kxd8 23. Ne5 Qe7 24. Nxc4 Nxc4 25. Bxc4 $16)
22. Bxc4 Nb6 $2 (22... Bxc4 23. Qxc4 Qxc4 24. Rxc4 $14) 23. Rxd8+ Rxd8 24.
Bxe6+ Qxe6 25. Bxc5 Bxc5 26. Rxc5+ Kb8 27. Qxh7 Nd7 28. Qd3 Qb6 29. Rd5 Rc8+
30. Kb1 Qc6 31. a3 Nc5 32. Qf5 Nb3 33. Rd1 a5 34. Nd4 Nd2+ (34... Nxd4 35. Rxd4
Qc1+ 36. Ka2 Rc2 37. Rd8+ $18) 35. Ka1 Qc7 36. Qd3 Nc4 37. Nb5 Qb6 38. Qg3+ Ka8
39. a4 Qc5 40. Qc3 Qxf2 $2 41. Qxc4 $1 {Ftacnik,L} 1-0

[Event "Tilburg"]
[Site "Tilburg"]
[Date "1994.??.??"]
[Round "2"]
[White "Ehlvest, Jaan"]
[Black "Ruban, Vadim"]
[Result "1-0"]
[WhiteElo "2600"]
[BlackElo "2560"]
[Annotator "Ftacnik,L"]
[PlyCount "117"]
[EventDate "1994.09.??"]
[EventType "k.o."]
[EventRounds "7"]
[EventCountry "NED"]
[SourceTitle "CBM 044"]
[Source "ChessBase"]
[SourceDate "1995.02.01"]
[SourceVersion "1"]
[SourceVersionDate "1995.02.01"]
[SourceQuality "1"]

1. d4 Nf6 2. c4 e6 3. Nf3 d5 4. Bg5 dxc4 5. Nc3 c5 $5 6. Bxf6 (6. e4 cxd4 7.
Nxd4 Bb4) 6... Qxf6 7. d5 exd5 8. Nxd5 Qd8 9. e3 Bd6 (9... b5 10. a4 Bb7 11. e4
$1 $16) 10. Bxc4 O-O 11. O-O Nc6 12. Rc1 Be6 13. a4 $1 Rc8 $6 (13... a6 $1 14.
e4 (14. h3 $2 b5 15. Ba2 (15. axb5 $2 axb5 16. Bxb5 Bxd5 17. Qxd5 Bh2+ 18. Kxh2
Qxd5 $19))) 14. Rc2 $1 Ne5 15. Nxe5 Bxe5 16. Rd2 Bxd5 (16... Bxh2+ $2 17. Kxh2
Qh4+ 18. Kg1 Qxc4 19. Ne7+ Kh8 20. Nxc8 $18) (16... Qh4 17. f4 Bf6 18. Qb3 $14)
17. Bxd5 Qf6 18. b3 b6 19. f4 Bc3 (19... Bc7 20. g4 $1 $16) 20. Rd3 Rcd8 21.
Qc2 Bd4 $2 (21... Bb2 22. g4 $1 Ba3 23. g5 $16) 22. Be4 $1 Qe6 23. Bxh7+ Kxh7
24. exd4 $1 (24. Rxd4+ f5 25. Rd3 Qe4 26. Rfd1 Rfe8 $14) 24... Kg8 25. Rh3 Qg6
26. f5 Qd6 27. dxc5 Qxc5+ 28. Qxc5 bxc5 29. f6 $1 g6 30. Rc3 Rd5 31. Rfc1 Rf5
32. Rf1 Rd5 (32... Rxf1+ 33. Kxf1 Rb8 34. Rxc5 Rxb3 35. Rc8+ Kh7 36. Rc7 Rb1+
37. Ke2 Rb2+ 38. Kf3 Rb3+ 39. Kf4 Rb4+ 40. Ke5 Rxa4 41. Rxf7+ Kh6 42. Rf8 $18)
33. Rfc1 Rf5 34. Rxc5 Rxf6 35. b4 $1 Rf4 36. R1c4 Rxc4 37. Rxc4 Rd8 38. h4 Rd2
39. b5 Ra2 40. Kh2 $6 (40. g4 $1 Kf8 41. g5 $18) 40... Kg7 41. Kh3 Kh6 42. g4
$1 Ra3+ 43. Kg2 f5 44. gxf5 (44. g5+ $2 Kh5 45. Kf2 f4 46. Rxf4 a5 $1 47. bxa6
Rxa4 $10) 44... gxf5 45. Kf2 Kg6 46. Rc6+ Kh5 47. Rc4 Kg6 48. Rc6+ Kh5 49. Ra6
Kxh4 50. Rxa7 Rb3 51. Rb7 $1 Kg4 (51... Ra3 52. b6 Rxa4 53. Rb8 Rb4 54. b7 Kg4
55. Rg8+ $18) 52. a5 Rb2+ 53. Ke1 f4 54. a6 f3 55. a7 Ra2 56. b6 f2+ 57. Kf1
Kf3 58. Rf7+ Ke3 59. Kg2 1-0

[Event "Pamplona 9293 3rd"]
[Site "Pamplona"]
[Date "1992.??.??"]
[Round "3"]
[White "Sokolov, Ivan"]
[Black "Magem Badals, Jordi"]
[Result "1-0"]
[WhiteElo "2625"]
[BlackElo "2510"]
[Annotator "Ftacnik,L"]
[PlyCount "79"]
[EventDate "1992.12.??"]
[EventType "tourn"]
[EventRounds "9"]
[EventCountry "ESP"]
[EventCategory "13"]
[SourceTitle "CBM 033"]
[Source "ChessBase"]
[SourceDate "1993.04.01"]
[SourceVersion "1"]
[SourceVersionDate "1993.04.01"]
[SourceQuality "1"]

1. d4 {Kortschnoj} d5 2. c4 dxc4 3. Nc3 Nf6 4. Nf3 e6 5. e4 Bb4 6. e5 Ne4 (6...
Nd5) 7. Qc2 Qd5 8. Be2 b5 9. O-O Bxc3 10. bxc3 Bb7 11. a4 a6 12. Ba3 Nd7 13.
Rfe1 f5 (13... f6 $5) 14. Nh4 $1 O-O-O (14... Nb6 15. f3 Ng5 16. a5 Na4 17. Qc1
(17. Bc1 Nf7 18. Rxa4 bxa4 19. Qa2 Qd8 20. Nxf5 exf5 21. Bxc4 $44) 17... Qd8
$13) 15. f3 Ng5 $2 (15... g5 16. fxe4 Qxe4 (16... fxe4 $2 17. Nf3 exf3 18. Bxf3
$18) 17. Qb2 Qxh4 $132) 16. Be7 Nf7 17. Bxd8 Nxd8 18. f4 Nb6 19. Bf3 Qd7 20.
axb5 axb5 21. Bxb7+ Nxb7 22. Ra6 Qd5 23. Qb2 Kd7 24. Rb1 Kc6 25. Nf3 Ra8 26.
Rxa8 Nxa8 27. Ne1 Nb6 28. Nc2 Kd7 29. Ne3 Qe4 30. Qxb5+ Kd8 31. Nxc4 Nxc4 32.
Qxb7 Qe3+ 33. Kh1 Nd2 34. Qb8+ Kd7 35. Qb5+ Kd8 36. Ra1 Ke7 37. Qc5+ Kd7 38.
Qf8 Ne4 39. Qf7+ Kc6 40. Qxe6+ 1-0

[Event "Olympiad-43"]
[Site "Batumi"]
[Date "2018.10.04"]
[Round "10.1"]
[White "Ding, Liren"]
[Black "Duda, Jan Krzysztof"]
[Result "1-0"]
[WhiteElo "2804"]
[BlackElo "2739"]
[Annotator "Ganguly, Surya Sekhar "]
[PlyCount "75"]
[EventDate "2018.09.24"]
[EventType "team-swiss"]
[EventRounds "11"]
[EventCountry "GEO"]
[SourceTitle "CBM 187"]
[Source "ChessBase"]
[SourceDate "2018.12.11"]
[SourceVersion "1"]
[SourceVersionDate "2018.12.11"]
[SourceQuality "1"]
[WhiteTeam "China"]
[BlackTeam "Poland"]
[WhiteTeamCountry "CHN"]
[BlackTeamCountry "POL"]

1. d4 Nf6 2. c4 e6 3. Nf3 d5 4. Nc3 dxc4 5. e4 b5 {A line that Duda has played
only once but then that was in an important game in the Polish Championship
2018 against Radek so naturally it was not a surprise and Ding turned out to
be well prepared for it.} 6. e5 Nd5 7. Nxb5 Nb6 8. Be2 Nc6 9. O-O Be7 10. Qd2
$5 $146 {An interesting concept in this newly developing line. White first
brings his queen to the kingside and only then develops his bishop on c1.} (10.
Be3 {is more common} O-O 11. Qd2 (11. Nc3 Rb8 12. a3 Bb7 $132 {½-½ (61)
Mamedyarov,S (2801)-Caruana,F (2822) Saint Louis 2018}) 11... Rb8 12. Rfd1 Bb7
{was the first time Duda played this line.} 13. b3 a6 14. Nc3 cxb3 15. axb3 Nb4
$132 {0-1 (55) Wojtaszek,R (2750)-Duda,J (2724)Warsaw 2018}) ({Just the day
before the Wojtaszek - Duda game this position came up in another Wojtaszek
game but this time he was Black and tried this line against Gajewski. It’s
interesting to see that Duda actually next day decided to play the same line
which Wojtaszek himself played as Black.} 10. Na3 Bxa3 11. bxa3 Bb7 12. Be3 $13
{1/2-1/2 (41) Gajewski,G (2599)-Wojtaszek,R (2750) Warsaw 2018}) 10... O-O 11.
Qf4 Rb8 {[%cal Gb6d5] Duda kept on blitzing even after this new idea of
Qd2-Qf4 which underlines his depth of preparation against a novelty. Although
nowadays any move that is in the top three choices of the computer can hardly
be called a novelty.} 12. Nc3 f5 13. Qg3 {It was Ding who started to think for
the first time and he took a solid 22min to make this decision.} (13. exf6 Rxf6
14. Qe4 Nb4 {gives Black decent counterplay.}) 13... Kh8 {This time finally it
was Duda's turn to think and after about 15min he opted for the natural Kh8.} (
13... Qe8 $5 {The computer's suggestion}) 14. Rd1 Nb4 15. b3 cxb3 (15... Ba6
16. Bg5 {gives white some edge}) 16. axb3 a6 17. Bc4 Nc2 $1 {The practical
choice} (17... Qd7 18. Bg5 $14) (17... N6d5 18. Ne2 $14) 18. Ra2 (18. Rb1 {
The engine prefers this move but it is psychologically hard to keep the rook
on b1 instead of e2.}) 18... Nb4 19. Ra1 Nc2 20. Ra2 Nb4 21. Re2 a5 $1 {
Black now has got a strategically fine position and if White gives him some
more time to consolidate Black will then soon take over.} 22. d5 {Ding is a
very solid player (or else it would have been slightly difficult to remain
unbeaten for 14 months!) but he is also very good when there is total chaos on
the board. In fact he gets better when there is chaos on board and those are
the days when such games as Bai Jinshi - Ding Liren take place :)} exd5 {
After a long thought Duda chose not to exchange one knight. It was a tough
call. At first sight it looks as if exchanging a knight would have been safer.
It is hard to say if Duda didn't like something for N6d5 or at this stage he
was just getting more optimistic about his position.} (22... N6xd5 23. Nxd5 (
23. Bg5 Bxg5 24. Nxg5 h6 {is fine for Black}) (23. Bxd5 Nxd5 (23... exd5 24. e6
Rf6 25. Bf4 {Everything is equal according to the computer. From a human
perspective everything looks messy. Let’s just say White has good
compensation.}) 24. Nxd5 exd5 25. e6 Rxb3 26. Bf4 {also leads to similar
evaluation and similar conclusions.}) 23... exd5 (23... Nxd5 24. Bg5) 24. e6
Rf6 25. Ng5 Qe8 (25... Kg8 $5) 26. Rxd5 Nxd5 27. Bxd5 Bb7 28. Bc4 $44 {is just
one sample variation of the many wild lines which were possible}) 23. e6 Bd6 (
23... Rf6 $142 24. Bg5 (24. Ng5 Qf8) 24... Rxe6 25. Bb5 $1 (25. Rde1 dxc4 26.
Rxe6 Bxe6 27. Rxe6 N6d5 {favours Black}) 25... Rxe2 26. Nxe2 $44 {This is not
easy to evaluate properly during the game}) 24. Qh3 (24. Bf4 $1 Rb7 {Too
subtle a way to stop the e7 threat!} (24... dxc4 25. e7) (24... Qe7 25. Nxd5) (
24... Bxf4 25. Qxf4 Qe7 26. Bxd5 $14) 25. Nb5 $1 Bxf4 26. Qxf4 Qe7 27. Bd3 $14)
24... Qf6 $1 (24... Qe8 25. Nb5) 25. Nb5 $1 {After a long thought of 30min
Ding goes for the only way to maintain the balance.} dxc4 26. Nxd6 $6 {Right
intention but wrong move order. This will allow Black to seize the initiative.}
(26. Ng5 {The correct move order to get a similar position to what happened in
the game. Although Black will have some extra options here to equalise but he
won’t get an advantage.} h6 {This leads to massive complications and will be
hard to guess what both players saw here.} (26... Qg6 $2 27. Nxd6 cxd6 28. e7
Re8 {transposes to the game. Since Duda didn't see White's upcoming deep
combination which happened in the game most likely he would have opted for the
same line here too.}) 27. Nf7+ (27. Nxd6 cxd6 28. e7 Bd7 $1 (28... Re8 29. Qh5
$1 {We will be seeing this tactic a number of times} Rxe7 (29... Bd7 30. Rxd6
$18) 30. Qe8+ {is mate}) 29. exf8=Q+ Rxf8 30. Ne6 Bxe6 31. Bb2 (31. Rxd6 Rd8
$19) 31... Qg6 32. Rxd6 f4 {Practically I would prefer White here.}) 27... Kg8
(27... Rxf7 28. exf7 Bf8 (28... Bd7 29. Bb2 Qg6 30. Nxd6 cxd6 31. Qg3 Qxf7 32.
Qxd6 Nc6 33. Qxh6+ Kg8 34. Qg5 Re8 {holds the balance.}) 29. Re8 Qxf7 30. Rdd8
Nd7 {Only a computer can play like this. This is 0.00 but really has no
practical impact as such lines would never occur in a real game.}) 28. Bb2 Qg6
29. Nfxd6 cxd6 30. e7 Re8 31. Rxd6 Qg4 32. Qxg4 fxg4 {One thing I am certain
of is that if any of the players saw this line then they would have left it
after spotting Rg6 thinking it is winning for White with a guaranteed draw. As
Black no one would like to enter such a line and as White there is a secured
draw. Also, optically it looks winning. However, emotions are only for humans.
This position is 0.00 for the silicon mind.} 33. Nc7 (33. Rg6 c3 34. Bxc3 N6d5
35. Rxg7+ Kh8 $11) 33... Bd7 34. Rg6 N4d5 35. Rxg7+ Kh8 36. Nxd5 Nxd5 37. Be5
cxb3 $11) 26... cxd6 $2 {The losing move which even the computer fails to
understand initially. Ding once again started blitzing out from now on,
showing the confidence he has in his calculation.} (26... Bxe6 $1 27. Ng5 {
It is this move which must be the reason Duda didn't take on e6.} (27. Nxc4 {
The computer's first choice and clearly the best but I am sure this could not
have bothered Duda.} Nxc4 28. bxc4 Nc6 $1 $17) 27... Bg8 28. Re6 {and now it
all comes down to the psychological factor if Black would spot Qa1 and more
importantly would he believe that after playing such a move he will survive?
Only then would it be possible to play 26...Be6} Qa1 $1 {The only move and at
first glance it feels like this will lead to mate within 5-6 moves. On closer
inspection it turns out that not only there is no mate but Black is completely
winning now!} 29. Qh5 {[%cal Gc1e3]} (29. Nxf5 N6d5) 29... cxd6 {another only
move but by elimination this is easy} 30. Be3 Qxd1+ 31. Qxd1 Bxe6 32. Nxe6 Rf6
$19) 27. e7 $1 Re8 (27... Bd7 28. exf8=Q+ Rxf8 29. bxc4 Nxc4 30. Rd4 $1 $18)
28. Ng5 Qg6 (28... h6 {is the same position we analysed before where White
wins with the nice Qh5 trick.}) 29. Rxd6 $1 f4 $1 {only way to stay in the
game.} 30. Qh4 $1 (30. Rxg6 Bxh3 31. Nf7+ Kg8 32. Nh6+ {A spectacular
perpetual but by now Ding smelled blood.}) 30... Qb1 31. Re1 (31. Qxf4 $1 {
A killer blow with an amazing piece of tactics.} Bd7 32. Rf6 $3 {[%cal Gf6f8]
It is easy to overlook this nice intermediate move.} (32. Rxb6 Nd5 $19 {
must be the reason why Ding didn't opt for this.}) 32... Kg8 33. Rxb6 $1 $18 {
No more Nd5 due to Qf7!}) 31... Bf5 (31... Bd7 {is the lesser evil but even
here if White finds the following strong move Black is totally busted.} 32. f3
{[%cal Gc1f4]}) 32. Rd8 {The rest is simple} Bg6 (32... Nc6 33. Qxf4 $18) 33.
Rxb8 Rxb8 34. Qxf4 Rg8 35. Nf7+ Bxf7 36. Qxf7 Nd7 37. e8=Q Nf6 38. Bg5 {
Very creative and impressive game by Ding.} 1-0

[Event "Taastrup"]
[Site "Taastrup"]
[Date "1992.??.??"]
[Round "?"]
[White "Chernin, Alexander"]
[Black "Hutters, Tomas"]
[Result "1-0"]
[WhiteElo "2620"]
[BlackElo "2445"]
[Annotator "Hansen,Cu"]
[PlyCount "47"]
[EventDate "1992.02.??"]
[EventType "tourn"]
[EventRounds "9"]
[EventCountry "DEN"]
[EventCategory "13"]
[SourceTitle "CBM 028"]
[Source "ChessBase"]
[SourceDate "1992.06.01"]
[SourceVersion "1"]
[SourceVersionDate "1992.06.01"]
[SourceQuality "1"]

1. d4 d5 2. Nf3 Nf6 3. c4 dxc4 4. Nc3 c5 5. d5 e6 6. e4 exd5 7. e5 Nfd7 8. Bg5
Be7 9. Bxe7 Qxe7 10. Nxd5 Qd8 11. Bxc4 Nc6 12. Qc2 (12. Qa4 $5) 12... Qa5+ 13.
Kf1 Nf8 14. Ne3 {N} (14. Nf4 Ne6 15. Nxe6 Bxe6 16. Bxe6 fxe6 17. Rd1 Nd4 18.
Qc4 O-O 19. Nxd4 cxd4 20. Qxe6+ Kh8 $15 {Sosonko-Marjanovic Reggio Emilia 1985}
) (14. Ng5 Be6 15. Ne4 O-O-O 16. Nd6+ Kb8 17. f4 f6 $13 {Razuvaev-Garcia
Palermo Dortmund 1985}) 14... Ng6 15. Ng5 Ncxe5 16. Re1 O-O 17. h4 Nxc4 18.
Nxc4 Qa6 19. h5 Bf5 20. Qxf5 Qxc4+ 21. Kg1 Qf4 22. Qxc5 Rfe8 $4 (22... Rac8 $10
) 23. Rxe8+ Rxe8 24. g3 {Hansen,C} (24. g3 Qe5 25. hxg6 $1 Qxc5 26. gxh7+ Kh8
27. Nxf7#) 1-0

[Event "Moscow Aeroflot op"]
[Site "Moscow"]
[Date "2002.02.09"]
[Round "7"]
[White "Shinkevich, Vitaly"]
[Black "Mirovshchikov, Sergey"]
[Result "1-0"]
[WhiteElo "2480"]
[BlackElo "2402"]
[Annotator "Huzman,A"]
[PlyCount "117"]
[EventDate "2002.02.04"]
[EventType "swiss"]
[EventRounds "9"]
[EventCountry "RUS"]
[SourceTitle "CBM 088"]
[Source "ChessBase"]
[SourceDate "2002.03.21"]
[SourceVersion "1"]
[SourceVersionDate "2002.03.21"]
[SourceQuality "1"]

1. d4 d5 2. c4 dxc4 3. Nf3 Nf6 4. Nc3 c5 5. d5 e6 6. e4 exd5 7. e5 d4 8. exf6 (
8. Bxc4 $5 Ng4 (8... dxc3 9. Bxf7+ Ke7 10. exf6+ gxf6 11. Bd5 (11. Qb3 Qb6 12.
O-O Qxb3 13. Bxb3 Bf5 14. bxc3 Nc6 15. Bf4 Rd8 16. Rfe1+ Kd7 17. Nh4 {1-0
Schroer,J-Blankenau,M/Philadelphia 1987/EXT 97 (17)}) 11... Bg7 12. O-O Re8 13.
Re1+ Kf8 14. Rxe8+ Qxe8 15. Bf4 Qd7 16. bxc3 $16 {1-0 Solin,N-Andersson,C/
Hallsberg 1991/EXT 97 (49)}) 9. Qb3 (9. h3 Nc6 10. hxg4 dxc3 11. Qb3 Qc7 12. e6
fxe6 13. bxc3 Bd7 14. Qc2 Ne5 15. Nxe5 Qxe5+ 16. Be3 O-O-O 17. Rh5 Qc7 18. Rxh7
Rxh7 19. Qxh7 Qe5 20. Rc1 Bc6 $15 {1-0 Casafus,R-Abramson,H/Buenos Aires 1990/
EXT 97 (30)}) 9... Qd7 10. h3 Nc6 11. hxg4 Na5 12. Bxf7+ Qxf7 13. Qxf7+ Kxf7
14. Ng5+ Kg6 15. Nce4 Bxg4 16. f3 Bf5 17. g4 Bxe4 18. Nxe4 Re8 19. f4 Kf7 20.
Kf2 Nc6 $17 {1-0 Schaeffner,C-Erler,R/Germany 1995/GER-chT2 (39)}) 8... dxc3 9.
Qxd8+ Kxd8 10. Ng5 (10. Bg5 Ke8 (10... Kc7 11. bxc3 Be6 12. Bf4+ (12. Ne5 h6
13. Bh4 g5 14. Bg3 Bd6 15. O-O-O Bxe5 16. Bxe5+ Kb6 {1/2-1/2 Grynfeld,
I-Grabczewski,R/Krakow 1953/EXT 2002 (16)}) 12... Kc8 13. Ne5 b5 14. Be2 a5 15.
Bf3 Ra6 16. O-O-O gxf6 17. Nxf7 Bxf7 18. Bg4+ Be6 19. Rhe1 Bh6 20. Bxe6+ Rxe6
21. Bxh6 Rhe8 22. Rxe6 Rxe6 $15 {1/2-1/2 Rabinovich,A-Piip,T/Szombathely 1993/
TD (46)}) 11. O-O-O cxb2+ 12. Kxb2 Nc6 13. Bxc4 Be6 14. Rhe1 Rg8 15. Bxe6 fxe6
16. f7+ Kxf7 17. Rd7+ Kg6 18. g4 Re8 19. Rxb7 Bd6 $15 {0-1 Abramov,
A-Mirovshchikov,S/Tula RUS 2002/(45)}) 10... Be6 11. Nxe6+ fxe6 12. Bg5 (12.
Bxc4 Kd7 13. O-O gxf6 14. Rd1+ Bd6 15. bxc3 Nc6 16. Bf4 e5 17. Bh6 Rhd8 18. Rd3
Kc7 19. Rh3 e4 20. Re1 Re8 21. Bd5 Re5 22. c4 Nb4 23. Bf4 $2 Rxd5 $19 {0-1
Fokin,S-Chernitsyn,I/RUS-sf Ekaterinburg 1996 (31)}) 12... Ke8 13. O-O-O (13.
Bxc4 Kf7 14. bxc3 gxf6 $17) 13... cxb2+ 14. Kb1 $1 h6 $2 (14... c3 15. Bc4 (15.
Rd8+ Kf7 16. Bf4 gxf6 17. Rxb8 Rxb8 18. Bxb8 Bh6 19. Bxa7 Ra8 20. Bb6 Rxa2 $19)
15... Kf7 16. Rhe1 gxf6 17. Bxe6+ Kg6 18. Bf4 Bh6 (18... Nc6 19. Rd3 Bh6 20.
Rg3+ Bg5 21. h4 h6 22. hxg5 hxg5 23. Bd6 $16) 19. Bxh6 Kxh6 20. Rd3 Re8 21. Re4
Kg7 22. Rxc3 $36) 15. Rd8+ Kf7 16. Bh4 gxf6 17. Bxc4 $32 Bg7 (17... Ke7 18. Re1
Kxd8 19. Bxf6+ Kc7 20. Bxh8 Nc6 21. Rxe6 $16) 18. Rhd1 Re8 (18... Nc6 19. R8d7+
Kg6 20. Bxe6 Rad8 21. g4 $1 $16) 19. Rxe8 Kxe8 20. Bxe6 a5 $1 (20... Nc6 21.
Rd7 Nd4 22. Bh3 (22. Rxg7 Nxe6 23. Rxb7 $16) 22... Kf8 23. Rxb7 $16) 21. Bg3 (
21. Kxb2 Ra6 22. Bf5 Nc6 $13) 21... a4 (21... f5 $142 22. Bxf5 Nc6 23. Bd6 Kf7
24. Bxc5 Re8 $132) 22. Kxb2 $16 f5+ 23. Kc1 Nc6 24. Rd7 Nd4 25. Rxg7 Nxe6 26.
Rxb7 {[%csl Ra4,Rc5,Rf5,Rh6]} Ra6 27. Be5 Nd8 28. Rc7 Rc6 29. Rxc6 Nxc6 30. Bd6
Nb4 (30... c4 31. Bc5 $1 (31. Kd2 Nd4 $132) 31... Kd7 32. Kb2 Ke6 33. Ka3 $16)
31. Kd2 $1 Na6 (31... Nxa2 32. Bxc5 Kd7 33. Kc2 Kc6 34. Bf8 $18 {[%csl Ra2]})
32. Kc3 Kd7 33. Bf8 h5 34. Kc4 Kc6 35. a3 $1 Kb6 36. g3 Kc6 37. h3 Kb6 38. f3
Kc6 39. g4 fxg4 40. fxg4 hxg4 41. hxg4 Nc7 42. Bxc5 Ne6 43. Be3 {[%csl Ra4]}
Nf8 44. Kb4 Kb7 45. Kxa4 Ka6 46. Kb4 Ng6 47. Bd4 Nf4 48. a4 Ne6 49. Be3 Nf8 50.
Bd2 Ne6 51. Kc4 Nf8 52. Kd5 Ng6 53. Ke4 Kb6 54. Be1 Kc6 55. Kf5 Ne7+ 56. Ke6
Ng6 57. Bg3 Nf8+ 58. Kf7 Nh7 59. Bf4 1-0